Proceso político a la C.N.T. (Record no. 16903)

MARC details
000 -LEADER
campo de control de longitud fija 00578nam a2200193 i 4500
001 - NÚMERO DE CONTROL
campo de control 16903
003 - IDENTIFICADOR DE NÚMERO DE CONTROL
campo de control ES-MaACL
005 - FECHA Y HORA DE LA ÚLTIMA TRANSACCIÓN
campo de control 20250826082715.0
007 - CAMPO FIJO DE DESCRIPCIÓN FÍSICA--INFORMACIÓN GENERAL
campo de control de longitud fija t|
008 - DATOS DE LONGITUD FIJA--INFORMACIÓN GENERAL
campo de control de longitud fija 001121q19801989sp ||||1| spa d
080 ## - NÚMERO DE LA CLASIFICACIÓN DECIMAL UNIVERSAL
Número de la Clasificación Decimal Universal 331.105.44(460)
245 00 - MENCIÓN DEL TÍTULO
Título Proceso político a la C.N.T.
260 ## - PUBLICACIÓN, DISTRIBUCIÓN, ETC.
Lugar de publicación, distribución, etc. [Madrid] :
Nombre del editor, distribuidor, etc. C.N.T.-A.I.T.,
Fecha de publicación, distribución, etc. [198-?]
300 ## - DESCRIPCIÓN FÍSICA
Extensión 27 p. :
Otras características físicas il. ;
Dimensiones 21 cm.
610 24 - PUNTO DE ACCESO ADICIONAL DE MATERIA--NOMBRE DE ENTIDAD CORPORATIVA
Nombre de entidad corporativa o nombre de jurisdicción como elemento de entrada Confederación Nacional del Trabajo (España)
9 (RLIN) 3165
710 2# - ENTRADA AGREGADA--NOMBRE DE ENTIDAD CORPORATIVA
Nombre de entidad corporativa o nombre de jurisdicción como elemento de entrada Confederación Nacional del Trabajo (España)
9 (RLIN) 3165
852 ## - LOCALIZACIÓN
Ubicación ES-MaACL
Número de control de estantería 2158-F-27
Sublocalización o colección R.126925
Holdings
Estatus retirado Estado de pérdida Estado de daño No para préstamo Colección Biblioteca de origen Biblioteca actual Ubicación en estantería Fecha de adquisición Fuente de adquisición Total de préstamos Signatura topográfica completa Código de barras Visto por última vez Precio de reemplazo Tipo de ítem Koha
        Colección de folletos Biblioteca del Ateneo de Madrid Biblioteca del Ateneo de Madrid Depósito folletos 17/01/2008     2158-F-27 1017168 23/02/2023 23/02/2023 Folleto